[Event "Tata Steel GCT Rapid 2019"]
[Site "Kolkata"]
[Date "2019.11.22"]
[Round "1.1"]
[White "Aronian, Levon"]
[Black "Nakamura, Hikaru"]
[Result "1/2-1/2"]
[WhiteElo "2772"]
[BlackElo "2741"]
[Annotator "TA"]
[PlyCount "63"]
[EventDate "2019.11.22"]
[EventType "tourn"]
[EventCountry "IND"]
[SourceTitle "playchess.com"]
[Source "ChessBase"]
[SourceQuality "1"]

{[%evp 15,63,0,0,0,12,0,0,0,0,0,8,6,6,4,14,0,10,10,5,14,11,10,0,0,0,0,0,-15,-15,-23,15,19,11,0,0,0,0,0,0,-8,-8,-13,-13,-13,-13,-13,-13,-19,-20,-20]} 1. e4 e5 2. Nf3 Nc6 3. Bc4 Bc5 4. c3 Nf6 5. d4 exd4 6. e5 d5 7. Bb5 Ne4 8. cxd4 Bb6 9. Nc3 {C54: Giuoco Piano: 4 c3 Nf6, main lines with 5 d4 and 5 d3} Bg4 ({Predecessor:} 9... O-O 10. Be3 {½-½ (30) Tauber,H (2431)-Anderson,B (2456) ICCF email 2010}) 10. Be3 O-O 11. h3 Bh5 12. Qc2 Nxc3 (12... Bg6 13. Qb3 Ne7 14. O-O c6 15. Bd3 Nd2 16. Nxd2 Bxd3 17. Rfd1 Bg6 {0-1 (58) Aronian,L (2767)-Nakamura,H (2777) chess.com INT 2018}) 13. bxc3 f6 14. exf6 Qxf6 15. Be2 Bg6 $146 (15... Na5 16. O-O Bxf3 17. Bxf3 c6 {½-½ (39) Dominguez Perez,L (2763)-Grischuk,A (2759) Khanty-Mansiysk 2019}) 16. Bd3 Bxd3 17. Qxd3 Rae8 18. O-O Qf5 19. Qe2 Qh5 20. Rae1 Na5 21. Qc2 Nc4 22. Nd2 Qf5 (22... Nd6 {looks sharper.} 23. c4 Ba5 24. cxd5 Qxd5 25. Rc1 c6) 23. Qxf5 {The position is equal.} Rxf5 24. g4 {[#] And now Nxc4 would win.} Nxd2 25. Bxd2 Rxe1 26. Rxe1 $11 {[%mdl 4096] Endgame KRB-KRB} Rf3 27. Re3 Rxe3 28. Bxe3 Ba5 29. Bd2 Kf7 30. Kf1 c6 31. Ke2 Bc7 32. Kd3 {Accuracy: White = 65%, Black = 78%.} 1/2-1/2

[Event "Tata Steel GCT Rapid 2019"]
[Site "Kolkata"]
[Date "2019.11.22"]
[Round "1.2"]
[White "So, Wesley"]
[Black "Carlsen, Magnus"]
[Result "1/2-1/2"]
[WhiteElo "2760"]
[BlackElo "2870"]
[Annotator "TA"]
[PlyCount "113"]
[EventDate "2019.11.22"]
[EventType "tourn"]
[EventCountry "IND"]
[SourceTitle "playchess.com"]
[Source "ChessBase"]
[SourceQuality "1"]

{[%evp 12,113,18,2,20,12,13,4,22,14,27,0,3,0,22,23,41,-11,-18,-10,-20,-19,-22,-14,3,-17,0,0,4,6,19,22,33,0,22,28,28,22,50,9,10,6,25,40,37,10,18,0,9,10,46,37,46,25,25,25,41,34,34,20,20,20,20,8,8,0,8,8,22,22,22,0,22,22,22,22,22,22,22,22,22,22,22,22,22,22,22,0,22,22,22,22,22,22,22,22,22,22,22,22,22,22,22,22]} 1. e4 c5 2. Nf3 d6 3. d4 cxd4 4. Nxd4 Nf6 5. Nc3 a6 6. h3 e5 7. Nb3 Be7 {B90: Sicilian Najdorf: Unusual White 6th moves, 6 Be3 Ng4 and 6 Be3 e5} (7... Be6 8. f4 g6 9. Be2 Nbd7 10. g4 Rc8 11. f5 Bxb3 12. axb3 Rxc3 13. bxc3 Nxe4 14. O-O Qh4 15. Bf3 gxf5 16. Bxe4 fxe4 {½-½ (53) Caruana,F (2818)-Vachier Lagrave,M (2778) Saint Louis 2019}) 8. g4 h6 9. Be3 b5 10. a4 $146 ({Predecessor:} 10. Nd5 Nbd7 11. Nxe7 Kxe7 12. f3 Nb6 13. Qd2 Nc4 14. Bxc4 bxc4 15. Na5 {1-0 (38) Shirov,A (2658)-Burg,T (2526) Lund 2019}) 10... bxa4 11. Rxa4 (11. Nxa4 $5 {[%cal Ra4b6]} Be6 12. Nb6 $14) 11... Bd7 12. Ra1 Nc6 13. Nd5 O-O 14. Nb6 ({White should try} 14. c3 $14) 14... Rb8 $11 15. Nxd7 Qxd7 16. Bg2 a5 17. O-O Bd8 18. Qf3 Nb4 19. Qe2 a4 20. Nc1 Qc6 21. c3 Na6 22. Nd3 Bb6 (22... Nd7 {is interesting.} 23. Qc2 Ndc5 24. Bxc5 Nxc5 25. Nxc5 dxc5 26. Rxa4 Rxb2 27. Qxb2 Qxa4 28. Ra1 Qc6) 23. Nxe5 dxe5 24. Qxa6 Rfc8 {With the idea ...Bxe3.} 25. Bxb6 Rxb6 26. Qxa4 Rxb2 27. Qxc6 Rxc6 28. Ra5 Nd7 29. Rd5 Rb7 30. Rfd1 Nf8 31. Rxe5 Ne6 32. Rc1 Rbc7 33. h4 g5 34. hxg5 hxg5 35. Rf5 Rxc3 {The position is equal.} 36. Rxc3 Rxc3 {[%mdl 4096] Endgame KRB-KRN} 37. e5 {Black should prevent Bd5.} Rc4 38. Bd5 Rxg4+ 39. Kh2 Rd4 (39... Kg7 {looks sharper.} 40. f3 Rh4+ 41. Kg3 Kg6 42. Rf6+ Kg7) 40. Bxe6 fxe6 {KR-KR} 41. Rf6 Rd5 42. Rg6+ Kf7 43. Rxg5 Rd1 44. f4 Rd3 45. Kg2 Ra3 46. Rg3 Ra4 47. Kf3 Ra1 48. Kg4 Kg6 49. Kf3+ Kf7 50. Rg2 Ra3+ 51. Kg4 Ra1 52. Rb2 Rg1+ 53. Kf3 Rf1+ 54. Ke3 Re1+ 55. Kf2 Ra1 56. Rb8 Ra3 57. Rb6 {Accuracy: White = 64%, Black = 46%.} 1/2-1/2

[Event "Tata Steel GCT Rapid 2019"]
[Site "Kolkata"]
[Date "2019.11.22"]
[Round "1.3"]
[White "Ding, Liren"]
[Black "Anand, Viswanathan"]
[Result "1/2-1/2"]
[WhiteElo "2801"]
[BlackElo "2757"]
[Annotator "TA"]
[PlyCount "50"]
[EventDate "2019.11.22"]
[EventType "tourn"]
[EventCountry "IND"]
[SourceTitle "playchess.com"]
[Source "ChessBase"]
[SourceQuality "1"]

{[%evp 16,50,4,6,14,8,0,0,7,0,50,45,38,45,50,45,84,56,60,39,39,39,41,43,48,36,64,50,49,17,29,28,22,35,24,0,0]} 1. d4 Nf6 2. c4 e6 3. g3 Bb4+ 4. Bd2 Be7 5. Bg2 d5 6. Nf3 O-O 7. O-O Nbd7 8. Qc2 c6 9. Bf4 b6 {E11: Bogo-Indian} 10. Nbd2 (10. Rd1 Bb7 11. Ne5 Nh5 12. Bd2 Nhf6 13. cxd5 cxd5 14. Nc6 Qe8 15. Nxe7+ Qxe7 16. Nc3 Rfc8 17. Qd3 a5 18. Rac1 h6 19. Be1 {½-½ (29) Grischuk,A (2766)-Anand,V (2764) Paris 2019}) 10... Nh5 11. e3 $146 ({Predecessor:} 11. Be3 Bb7 12. Rfd1 Nhf6 13. Bf4 Nh5 14. Be3 Nhf6 15. Bf4 Nh5 {½-½ (15) Prohaszka,P (2614)-Bruzon Batista,L (2660) Saint Louis 2017}) 11... Bb7 12. cxd5 cxd5 13. Bc7 Qe8 {[#] Hoping for ...Rc8.} 14. Rfc1 Nhf6 15. Bf1 Nb8 16. Ne5 Na6 17. Qb3 {And now Bb5 would win.} Nxc7 18. Rxc7 Rb8 19. Rac1 Bd6 20. R7c2 Qe7 21. Qa4 Ra8 22. Ba6 Bxa6 23. Qxa6 Bxe5 24. dxe5 Nd7 $1 25. Nf3 Qb4 {Accuracy: White = 64%, Black = 81%.} 1/2-1/2

[Event "Tata Steel GCT Rapid 2019"]
[Site "Kolkata"]
[Date "2019.11.22"]
[Round "1.4"]
[White "Harikrishna, Pentala"]
[Black "Vidit, Santosh Gujrathi"]
[Result "1/2-1/2"]
[WhiteElo "2731"]
[BlackElo "2722"]
[Annotator "TA"]
[PlyCount "95"]
[EventDate "2019.11.22"]
[EventType "tourn"]
[EventCountry "IND"]
[SourceTitle "playchess.com"]
[Source "ChessBase"]
[SourceQuality "1"]

{[%evp 22,95,18,4,10,10,7,8,8,4,7,0,34,0,1,0,0,0,0,0,0,0,0,0,0,0,0,0,0,0,0,0,0,0,0,0,0,0,0,0,0,0,0,0,0,0,0,0,0,0,0,0,0,0,0,0,0,0,0,0,0,0,0,0,0,0,0,0,0,0,0,0,0,0,0,0]} 1. d4 Nf6 2. c4 e6 3. g3 d5 4. Bg2 Be7 5. Nf3 O-O 6. O-O dxc4 7. Qc2 a6 8. a4 Bd7 9. Qxc4 Bc6 10. Bg5 Bd5 11. Qd3 c5 12. dxc5 Nbd7 {E05: Open Catalan: 5 Nf3 Be7} 13. Nc3 Nxc5 14. Qe3 {[#] Strongly threatening Bxf6.} Bxf3 $146 ({Predecessor:} 14... Qa5 15. Qf4 Nb3 16. Bxf6 Bxf6 17. Nxd5 exd5 18. Rad1 d4 19. Nd2 Nxd2 20. Qxd2 Qxa4 21. Bxb7 {1-0 (62) Mareco,S (2661)-Cuenca Jimenez,J (2512) Guatemala City 2019}) 15. Bxf3 Qa5 $1 16. Qf4 {[#] Hoping for b4.} Ncd7 (16... Nb3 $5 {[%cal Rb3a1]} 17. Rad1 (17. Bxb7 $2 Rab8 $19) 17... h6 18. Bxf6 Bxf6 $11) 17. Rad1 {aiming for Rxd7!} ({Of course not} 17. Bxb7 Rab8 $15) 17... Rad8 {The position is equal.} 18. Bxf6 ({But not} 18. Bxb7 Nh5 $17) 18... Nxf6 19. Rxd8 Rxd8 20. Bxb7 Qb6 21. Bf3 Qxb2 22. Qc7 Rd7 23. Qc6 Rd6 24. Qc4 Qb8 25. Kg2 g6 26. Rb1 Rb6 27. Rd1 Rd6 28. Rxd6 Qxd6 29. Bb7 a5 30. Nb5 Qc5 31. Qf4 Kg7 (31... h5 {looks sharper.} 32. Qd4 Ng4 33. h4 Bf8 34. Bf3 Ne5) 32. Qd2 Qb4 33. Qxb4 Bxb4 $11 {[%mdl 4096] Endgame KBN-KBN} 34. Nd4 Nd7 35. Bc6 Ne5 36. Bb5 Bc3 37. Nc2 g5 38. f4 gxf4 39. gxf4 Ng6 40. e3 e5 41. Kf3 f5 42. Na3 Kf6 43. Nc4 exf4 44. exf4 Ne7 45. Ne3 Bb4 46. Bc4 Bd6 47. h3 h6 48. Nd5+ {Accuracy: White = 80%, Black = 87%.} 1/2-1/2

[Event "Tata Steel GCT Rapid 2019"]
[Site "Kolkata"]
[Date "2019.11.22"]
[Round "1.5"]
[White "Nepomniachtchi, Ian"]
[Black "Giri, Anish"]
[Result "0-1"]
[WhiteElo "2773"]
[BlackElo "2776"]
[Annotator "TA"]
[PlyCount "104"]
[EventDate "2019.11.22"]
[EventType "tourn"]
[EventCountry "IND"]
[SourceTitle "playchess.com"]
[Source "ChessBase"]
[SourceQuality "1"]

{[%evp 13,104,0,0,-3,-1,0,0,0,0,-8,21,14,13,4,0,9,17,0,0,0,0,0,0,0,0,0,3,0,0,0,0,0,0,0,0,0,0,0,104,52,57,52,52,-377,-429,-424,-424,-423,-266,-485,-478,-448,-456,-505,-468,-489,-479,-466,-459,-543,-370,-375,-373,-502,-306,-337,-312,-661,-636,-792,-789,-778,-748,-622,-566,-1066,-979,-11411,-7515,-29988,-29967,-29967,-29968,-29968,-29969,-29968,-29969,-29967,-29959,-29993,-29960,-29994,-29995]} 1. c4 Nf6 2. g3 e6 3. Nf3 d5 4. d4 Be7 5. Bg2 O-O 6. Qc2 c5 7. dxc5 Qa5+ 8. Nbd2 {E06: Closed Catalan: Early deviations} (8. Nc3 dxc4 9. O-O Nc6 10. Bg5 Qxc5 11. Bxf6 gxf6 12. Rfd1 f5 13. e4 Bf6 14. Rab1 Nb4 15. Qe2 Nd3 16. Ne1 Nxe1 17. Rxe1 {½-½ (40) Matlakov,M (2683)-Bacrot,E (2678) Bastia 2018}) 8... Qxc5 9. a3 b5 {[%cal Rb5c4]} 10. b4 {The position is equal.} Qc7 $1 {[%cal Rd5c4]} 11. c5 a5 $146 ({Predecessor:} 11... Nc6 12. Bb2 e5 13. Nb3 Be6 14. O-O Ne4 15. e3 Rad8 {½-½ (29) Stigar,P (2573)-Mason,I (2168) ICCF email 2008}) 12. Bb2 Nc6 13. Nd4 Nxd4 14. Bxd4 e5 15. Bb2 axb4 16. axb4 Rxa1+ 17. Bxa1 d4 $1 18. O-O Be6 19. Qd3 Nd5 20. Bxd5 Bxd5 21. e3 Qc6 22. exd4 e4 $36 {[%mdl 2048] White is under pressure.} 23. Qe3 f5 24. f4 Ra8 25. Bc3 Ra2 {[#]} (25... Bf6 $11) 26. Ra1 (26. Rf2 $1 $16) 26... Qa6 27. Qe1 Rxa1 28. Qxa1 $4 {[%mdl 8192] [#]} (28. Bxa1 $14 {is the one way to stay ahead.} g5 29. Nf1) 28... Qe6 $1 $19 29. Qf1 e3 {...e2 is the strong threat.} 30. Qxb5 {And now Qe8+ would win.} Kf7 31. Qd3 $2 (31. Qe2 exd2 32. Kf2) 31... exd2 32. Bxd2 Bf6 33. Bc3 Be4 34. Qd2 Qc4 35. Kf2 Bc6 36. Ke1 Bb5 {[%csl Gb5][%cal Rc4f1]} 37. Kd1 Ba4+ 38. Ke1 Qe6+ 39. Kf2 {White hopes to continue with d5.} Bc6 40. b5 $2 (40. d5 Bxd5 41. Bxf6 gxf6 42. Qe2) 40... Bxb5 41. d5 Qe4 {( -> ...Bxc3)} 42. Bxf6 gxf6 43. c6 Qc4 44. Qd1 Qc5+ 45. Kg2 Bc4 46. Kh3 Qxd5 {Black mates.} 47. Qh5+ Kg7 48. Qe8 {[#]} Qf3 $1 49. Qd7+ Kg6 50. Qe8+ Bf7 51. Qd7 Qf1+ 52. Kh4 Qg2 {Accuracy: White = 41%, Black = 88%.} 0-1

[Event "Tata Steel GCT Rapid 2019"]
[Site "Kolkata"]
[Date "2019.11.22"]
[Round "2.1"]
[White "Harikrishna, Pentala"]
[Black "Ding, Liren"]
[Result "1/2-1/2"]
[WhiteElo "2731"]
[BlackElo "2801"]
[Annotator "TA"]
[PlyCount "82"]
[EventDate "2019.11.22"]
[EventType "tourn"]
[EventCountry "IND"]
[SourceTitle "playchess.com"]
[Source "ChessBase"]
[SourceQuality "1"]

{[%evp 19,82,16,36,14,14,0,0,0,0,0,14,7,25,10,33,29,51,44,49,46,50,43,79,85,66,64,85,72,91,83,126,41,52,0,0,0,0,0,0,0,0,0,0,0,252,234,234,233,227,116,213,107,96,35,68,0,0,0,0,0,0,0,0,0,0]} 1. d4 Nf6 2. c4 g6 3. Nc3 d5 4. cxd5 Nxd5 5. e4 Nxc3 6. bxc3 Bg7 7. Bc4 c5 8. Ne2 Nc6 9. Be3 O-O 10. O-O b6 11. Rc1 {D87: Exchange Grünfeld: Classical Line: Variations without ...cxd4} Bb7 12. Qd2 e6 13. Rfd1 cxd4 14. cxd4 Rc8 15. Bb5 {[#]} Qd6 $146 ({Predecessor:} 15... Ne7 16. Rxc8 Nxc8 17. d5 exd5 18. Bc4 d4 {0-1 (57) Vakhidov,J (2392)-Kasimdzhanov,R (2678) Tashkent 2011}) 16. Bf4 $36 {[%mdl 2048] White is pushing.} e5 17. d5 Na5 18. Be3 Rxc1 19. Rxc1 Rc8 20. h3 Bf8 21. Rxc8 Bxc8 22. Qc3 Bd7 23. Bxd7 Qxd7 24. Qxe5 Nc4 25. Qd4 (25. Qf4 $1 $16) 25... Nxe3 $14 26. Qxe3 (26. fxe3 $14 Bc5 27. Qd3) 26... Qa4 $11 27. Nc3 Qc2 $1 28. e5 Bc5 $1 {[%cal Rc5e3]} 29. Qf3 {Hoping for Ne4.} Bxf2+ $1 30. Qxf2 Qxc3 {[%mdl 4096] Endgame KQ-KQ} 31. d6 $1 {[%cal Bd5d6,Bd6d7][%mdl 32]} Qxe5 $2 {[%mdl 8192]} (31... Qa1+ $11 {and Black has nothing to worry.} 32. Qf1 Qxf1+ 33. Kxf1 Kf8) 32. Qd2 $18 {d7 is the strong threat.} Qc5+ 33. Kh1 {[%mdl 1024] Threatens to win with d7. White has strong compensation.} Qc8 34. d7 Qd8 {[#]} 35. Qd6 (35. g4 $1 $18) 35... f5 $16 {[#]} 36. Kg1 (36. g3 $1 $16) 36... Kf7 $14 37. Kf1 (37. Kf2 $14) 37... b5 $11 {The position is equal.} 38. Kf2 a5 39. Qd5+ Ke7 40. Qxb5 Qxd7 41. Qxa5 Qd4+ {Accuracy: White = 53%, Black = 69%.} 1/2-1/2

[Event "Tata Steel GCT Rapid 2019"]
[Site "Kolkata"]
[Date "2019.11.22"]
[Round "2.2"]
[White "Anand, Viswanathan"]
[Black "So, Wesley"]
[Result "1-0"]
[WhiteElo "2757"]
[BlackElo "2760"]
[Annotator "TA"]
[PlyCount "79"]
[EventDate "2019.11.22"]
[EventType "tourn"]
[EventCountry "IND"]
[SourceTitle "playchess.com"]
[Source "ChessBase"]
[SourceQuality "1"]

{[%evp 16,143,11,8,18,16,21,20,14,13,23,27,20,18,12,10,14,12,20,22,22,22,32,31,33,18,14,0,0,0,0,0,0,3,53,20,45,-25,-27,-16,-23,-42,-33,-40,46,46,43,28,28,29,31,43,48,0,49,43,36,46,38,45,54,54,50,22,16,0,0,0,0,0,0,0,0,0,0,0,0,0,0,0,7,0,0,0,8,8,8,8,8,8,8,8,8,8,8,8,8,8,8,8,21,28,28,28,28,8,8,8,8,8,8810,8826,8685,8672,8516,8670,8109,3856,7284,6408,5431,4377,2604,2378,29964,0,1519,1137,29970,29971]} 1. e4 e5 2. Nf3 Nc6 3. Bb5 a6 4. Ba4 Nf6 5. O-O Be7 6. d3 b5 7. Bb3 d6 8. a3 O-O 9. Nc3 Na5 {C77: Ruy Lopez: 3...a6 4 Ba4 Nf6, unusual lines} 10. Ba2 Be6 11. b4 Bxa2 {The position is equal.} 12. Rxa2 Nc6 13. Bg5 {[#]} Ng4 $146 ({Predecessor:} 13... Nd7 14. Bd2 {½-½ (46) Vachier Lagrave,M (2796)-Aronian,L (2801) Palma de Mallorca 2017}) 14. Bd2 Nf6 15. Re1 Qd7 16. Nd5 Nxd5 17. exd5 Nd8 18. a4 Rb8 19. axb5 axb5 20. Ra7 f5 21. Qa1 Nf7 22. c4 g5 {[#] White must now prevent ...g4.} 23. Bc3 g4 24. Nd2 h5 25. Qa6 (25. f4 $5) 25... h4 26. Qc6 ({Better is} 26. Nb3 $14) 26... Qxc6 $11 27. dxc6 Rfc8 28. Rea1 bxc4 29. Nxc4 d5 (29... Nd8 $15) 30. Ne3 $36 {[%mdl 2048] White has good play.} d4 31. Nxf5 Bg5 32. Be1 Kh7 33. f3 gxf3 34. gxf3 (34. Nxh4 {feels hotter.} Be3+ 35. Kf1 fxg2+ 36. Nxg2 Bh6 37. Rb7) 34... Kg6 (34... h3 {is more complex.} 35. Ng3 Rb6 36. R7a6 Rxa6 37. Rxa6 Be3+) 35. Nxh4+ Bxh4 36. Bxh4 Rxb4 37. Rb7 Rxb7 38. cxb7 {[%mdl 4096] Endgame KRB-KRN} Rb8 $1 39. Rb1 Nd6 40. Bg3 {Played: Bh4-d8} 1-0

[Event "Tata Steel GCT Rapid 2019"]
[Site "Kolkata"]
[Date "2019.11.22"]
[Round "2.3"]
[White "Carlsen, Magnus"]
[Black "Nepomniachtchi, Ian"]
[Result "1-0"]
[WhiteElo "2870"]
[BlackElo "2773"]
[Annotator "TA"]
[PlyCount "87"]
[EventDate "2019.11.22"]
[EventType "tourn"]
[EventCountry "IND"]
[SourceTitle "playchess.com"]
[Source "ChessBase"]
[SourceQuality "1"]

{[%evp 9,87,0,0,0,14,0,0,0,0,0,14,14,50,54,68,66,60,38,70,64,77,66,104,83,107,85,134,130,129,124,163,143,154,152,196,163,156,151,192,194,196,196,206,210,202,195,193,214,197,208,310,302,304,297,318,294,354,343,592,393,468,460,441,476,468,466,631,612,615,517,750,733,6045,5979,2237,751,984,800,1566,1177]} 1. e4 c5 2. Nf3 d6 3. Bb5+ Nd7 4. d4 cxd4 5. Qxd4 a6 6. Be2 {B51: Sicilian: Moscow Variation (3 Bb5+) without 3...Bd7} (6. Bxd7+ Bxd7 7. Bg5 h6 8. Bh4 Qa5+ 9. Nc3 e5 10. Qd3 g5 11. Bg3 Nf6 12. h4 g4 13. Nd2 Rc8 14. h5 Be6 {0-1 (23) Duda,J (2729)-Vachier Lagrave,M (2775) Paris 2019}) 6... Ngf6 7. O-O e5 8. Qe3 {The position is equal.} Nc5 9. Nfd2 b5 10. c4 bxc4 11. Nc3 $36 {[%mdl 2048] White fights for an advantage.} Bb7 12. Bxc4 Be7 13. b4 $146 ({Predecessor:} 13. b3 O-O {1-0 (52) Idani,P (2597)-Iniyan,P (2525) Taleigao 2019}) 13... Ne6 14. Nb3 $1 Rc8 15. Na5 Qd7 16. Qd3 O-O 17. Be3 Bd8 {White should prevent ...Bxa5.} 18. Nxb7 Qxb7 19. Nd5 $1 Nc7 20. Nxf6+ Bxf6 21. Rab1 ({Resist} 21. Qxd6 $6 Rfd8 $14) 21... Rfd8 22. Rfd1 h6 23. f3 Qc6 {[#]} 24. Qb3 $1 Qe8 25. a4 {[%cal Ba2a4,Ba4b5,Bb5b6,Bb6b7][%mdl 32]} Rb8 26. b5 axb5 27. axb5 Ne6 28. b6 Bg5 29. Bf2 Nd4 (29... Qe7 $142 30. g3 g6) 30. Bxd4 $18 exd4 31. Rxd4 Rdc8 32. b7 ({Weaker is} 32. Rxd6 Be7 $16) 32... Rc5 {Now ...Rxb7 and Black clings on.} 33. Bd5 Qe7 $2 (33... h5 {was called for.} 34. Rc4 Rxc4) 34. Rc4 Qc7 35. Rxc5 {White is clearly winning.} dxc5 36. g3 Bf6 37. Kg2 Qe7 38. Qb6 Be5 39. Qc6 Kh7 40. f4 Bd4 41. Qc8 Qd6 42. Qf5+ (42. Bxf7 $142 g6 {[#]} 43. Rb6 $1 {[%mdl 512]}) 42... Kh8 43. Kh3 Qa6 44. e5 {Accuracy: White = 79%, Black = 41%.} 1-0

[Event "Tata Steel GCT Rapid 2019"]
[Site "Kolkata"]
[Date "2019.11.22"]
[Round "2.4"]
[White "Vidit, Santosh Gujrathi"]
[Black "Nakamura, Hikaru"]
[Result "1/2-1/2"]
[WhiteElo "2722"]
[BlackElo "2741"]
[Annotator "TA"]
[PlyCount "82"]
[EventDate "2019.11.22"]
[EventType "tourn"]
[EventCountry "IND"]
[SourceTitle "playchess.com"]
[Source "ChessBase"]
[SourceQuality "1"]

{[%evp 11,82,30,33,12,12,8,53,49,41,18,14,45,32,27,25,29,25,24,20,0,1,-10,0,0,0,0,0,0,13,8,34,8,71,56,151,0,0,-44,0,0,0,0,0,0,0,-44,-23,-51,-18,-10,28,-10,61,63,87,98,162,56,68,70,109,9,10,1,9,5,4,-42,-45,-78,0,0,0]} 1. d4 Nf6 2. c4 e6 3. Nf3 d5 4. g3 dxc4 5. Bg2 a6 6. O-O Nc6 7. Nbd2 {E04: Open Catalan: 5 Nf3} (7. e3 Rb8 8. Nfd2 e5 9. Bxc6+ bxc6 10. dxe5 Ng4 11. Nxc4 Be6 12. Qe2 h5 13. Rd1 Qc8 14. Qf3 Rb6 15. Nxb6 cxb6 16. h4 Nxe5 {½-½ (41) Grischuk,A (2759)-Ding,L (2811) Khanty-Mansiysk 2019}) 7... b5 8. b3 Rb8 9. Bb2 $1 {White is slightly better.} cxb3 10. Nxb3 Be7 11. Rc1 Bb7 12. Ne1 Na7 13. Bxb7 Rxb7 14. Nd3 $146 ({Predecessor:} 14. Qc2 Qa8 {½-½ (29) Joppich,U (2453)-Baranowski,T (2489) ICCF email 2010}) 14... O-O 15. Qc2 Qa8 16. Na5 Rb6 17. Qxc7 Nd5 18. Qc2 $1 Bg5 19. Rcd1 Rc8 20. Nc5 Nc6 21. Nab3 $1 {Strongly threatening e4.} a5 (21... Be7 $11 {keeps the balance.}) 22. e4 $1 $16 {[%cal Re4d5]} Ndb4 (22... a4 $1 $14) 23. Qb1 $2 ({White should try} 23. Qe2 $16) 23... a4 $36 {[%mdl 2048] Black has the initiative.} 24. Nc1 Na6 25. Nxa6 Rxa6 26. d5 Na5 27. Ba1 Nc4 28. dxe6 Rxe6 {White must now prevent ...Nd2.} 29. Rd5 $1 {[%cal Rd5g5]} Be7 30. Ne2 {[%cal Bc1e2,Be2f4,Bf4d5,Bd5f6][%mdl 32]} Rd6 31. Nf4 ({But not} 31. Rxb5 $2 Nd2 $19) 31... Rxd5 (31... b4 $11) 32. Nxd5 $14 Bf8 {With the idea ...Nd2.} 33. Qxb5 Nd2 {[#]} (33... Nd6 $16 {is a better defense.} 34. Qe2 Rc4) 34. Rd1 (34. Bxg7 $1 $18 {Intending Nf6+ and mate.} Bxg7 35. Ne7+ {[%mdl 64] Double Attack} Kh8 36. Nxc8 Qxc8 37. Rd1 Nxe4 38. Qd5) 34... Nxe4 {Black wants to play ...Bc5.} 35. Qe2 Nc5 {[#]} 36. Qg4 (36. Bxg7 $1 $16 Bxg7 37. Ne7+ {[%mdl 64] Double Attack} Kf8 38. Nxc8 Qxc8 39. Qc2) 36... Rd8 $11 37. Nf6+ Kh8 38. Rxd8 Qxd8 39. Nh5 {[%cal Ra1g7]} Ne6 {aiming for ...Qd2.} 40. Qxa4 Qd5 ({Black should play} 40... Qd2 $17 {...Qe1+ is the strong threat.} 41. Nxg7 Nxg7 42. Bxg7+ Kxg7 43. Qg4+ Kh8) 41. Qg4 Qxa2 {Accuracy: White = 43%, Black = 39%.} 1/2-1/2

[Event "Tata Steel GCT Rapid 2019"]
[Site "Kolkata"]
[Date "2019.11.22"]
[Round "2.5"]
[White "Giri, Anish"]
[Black "Aronian, Levon"]
[Result "1/2-1/2"]
[WhiteElo "2776"]
[BlackElo "2772"]
[Annotator "TA"]
[PlyCount "51"]
[EventDate "2019.11.22"]
[EventType "tourn"]
[EventCountry "IND"]
[SourceTitle "playchess.com"]
[Source "ChessBase"]
[SourceQuality "1"]

{[%evp 15,51,20,14,14,14,8,15,15,15,16,14,21,20,21,10,15,17,14,14,16,14,14,21,16,52,33,33,33,34,0,0,0,0,0,0,0,0,0]} 1. e4 e5 2. Nf3 Nc6 3. Bb5 Nf6 4. O-O Nxe4 5. Re1 Nd6 6. Nxe5 Be7 7. Bf1 Nxe5 8. Rxe5 O-O 9. Nc3 {[%cal Bb1c3,Bc3d5,Bd5e3,Be3f5,Bf5e7][%mdl 32] C67: Ruy Lopez: Berlin Defence: 4 0-0 Nxe4} (9. d4 Bf6 10. Re1 Re8 11. c3 Rxe1 12. Qxe1 Qe8 13. Qxe8+ Nxe8 14. Bf4 d5 15. Nd2 Be7 16. Re1 Kf8 17. Bd3 Bd6 18. Bxd6+ Nxd6 {½-½ (25) Mamedyarov,S (2767)-Radjabov,T (2758) Khanty-Mansiysk 2019}) 9... Ne8 10. Nd5 Bd6 11. Re1 c6 12. Ne3 Bc7 13. Nf5 d5 14. Ne7+ Kh8 {[#] And now ...Be6 would win.} 15. Nxc8 Rxc8 16. d3 f5 {[#]} 17. Qf3 $146 Nf6 18. g3 Ng4 19. d4 Qf6 20. h3 Nh6 21. Bxh6 Qxh6 22. c3 Qf6 {The position is equal.} 23. Bd3 g6 24. Re2 Rce8 25. Rae1 Rxe2 26. Rxe2 {Accuracy: White = 81%, Black = 84%.} 1/2-1/2

[Event "Tata Steel GCT Rapid 2019"]
[Site "Kolkata"]
[Date "2019.11.22"]
[Round "3.1"]
[White "Nakamura, Hikaru"]
[Black "Giri, Anish"]
[Result "1-0"]
[WhiteElo "2741"]
[BlackElo "2776"]
[Annotator "TA"]
[PlyCount "83"]
[EventDate "2019.11.22"]
[EventType "tourn"]
[EventCountry "IND"]
[SourceTitle "playchess.com"]
[Source "ChessBase"]
[SourceQuality "1"]

{[%evp 9,83,9,21,0,7,9,5,8,27,15,7,0,0,0,11,0,0,0,2,4,4,4,6,7,8,0,0,0,0,0,0,0,0,0,0,0,16,17,52,52,54,52,74,59,73,75,85,82,103,103,170,146,163,184,221,231,223,212,214,213,275,247,281,267,368,356,399,397,397,397,397,397,397,386,364,276]} 1. e4 c5 2. Nf3 d6 3. Bb5+ Nd7 4. Ba4 $146 ({Predecessor:} 4. O-O a6 5. Bd3 Ngf6 6. Re1 e6 7. c3 b5 {½-½ (63) Amin,B (2709)-Cheparinov,I (2711) Germany 2019}) 4... Ngf6 5. O-O e6 6. Re1 {B51: Sicilian: Moscow Variation (3 Bb5+) without 3...Bd7} a6 {[#] Strongly threatening ...b5.} 7. c3 b5 8. Bc2 {The position is equal.} c4 9. a4 Bb7 10. d4 cxd3 11. Qxd3 Nc5 12. Qe2 bxa4 13. Be3 Bxe4 14. Bxc5 Bxc2 15. Qxc2 {aiming for Bd4.} dxc5 16. Qxa4+ Qd7 17. Ne5 Qxa4 18. Rxa4 Bd6 19. Nc4 Bc7 20. Nbd2 Ke7 21. Rea1 a5 22. Nb3 $36 {[%cal Rc4a5][%mdl 2048] White is pushing.} Nd7 23. Nbxa5 {Black must now prevent Nc6+.} Bxa5 24. Rxa5 Rxa5 25. Rxa5 $11 {[%mdl 4096] Endgame KRN-KRN} e5 26. Kf1 h5 27. h4 Rb8 28. Ke2 Rb7 29. Kd3 f6 {[#]} (29... f5 $16 {was called for.}) 30. Ke4 $1 $18 Rc7 31. Kd5 f5 32. Ra6 e4 33. Ne3 Nf6+ 34. Ke5 Rd7 35. Nxf5+ Kf7 36. Nd6+ Ke7 {next ...Ng4+ is good for Black.} 37. Nxe4 {White is winning.} Nxe4 38. Kxe4 Rd2 39. Ke3 Rxb2 40. Rg6 Kf7 41. Rg5 c4 42. Rc5 {Accuracy: White = 83%, Black = 52%.} ({Don't take} 42. Rxh5 Rc2 $18) 1-0